[Event "DVM U20 2017"]
[Site "Düsseldorf GER"]
[Date "2017.12.29"]
[Round "6"]
[White "Degenhard, Simon"]
[Black "Syrov, Arkadi"]
[Result "1-0"]
[Termination "normal"]
[Board "7.1"]
[WhiteElo "2183"]
[BlackElo "2279"]
[WhiteTeam "Heilbronner SV"]
[BlackTeam "SK Frankenthal"]
[PlyCount "91"]
[WhiteFideId "12944017"]
[BlackFideId "12942448"]
[EventCountry "GER"]
[EventRounds "7"]
[EventType "team-swiss"]
[EventDate "2017.12.26"]

1. d4 Nf6 2. Nf3 d5 3. c4 e6 4. e3 Be7 5. Nc3 O-O 6. Bd3 a6 7. cxd5 exd5 8. Ne5
c5 9. O-O Qc7 10. Bd2 Bd6 11. Nf3 Nbd7 12. Rc1 Qd8 13. Bf5 cxd4 14. Nxd4 Ne5
15. Nce2 Ne4 16. Nf4 Nc4 17. Bxe4 Nxd2 18. Bxh7+ Kxh7 19. Qxd2 Rh8 20. Nf3 g5
21. Qxd5 gxf4 22. Rfd1 Be6 23. Ng5+ Kg6 24. Nxe6 Qh4 25. Qxd6 Qxh2+ 26. Kf1
Qh1+ 27. Ke2 Qh5+ 28. f3 Qb5+ 29. Qd3+ Qxd3+ 30. Rxd3 fxe6 31. exf4 Rh2 32. Kf2
Kf5 33. Kg3 Rh7 34. Rc5+ Kf6 35. Re5 Rg8+ 36. Kf2 Rc8 37. Rd6 Re7 38. g4 Kf7
39. Rd2 Rc6 40. Rde2 Rd7 41. Kg3 Rd1 42. f5 exf5 43. Rxf5+ Kg6 44. Rfe5 Rg1+
45. Kf2 Rcc1 46. Re1 1-0

[Event "DVM U20 2017"]
[Site "Düsseldorf GER"]
[Date "2017.12.29"]
[Round "6"]
[White "Tresch, Lukas"]
[Black "Mikeler, Marcel"]
[Result "1/2-1/2"]
[Termination "normal"]
[Board "7.2"]
[WhiteElo "2020"]
[BlackElo "1863"]
[WhiteTeam "SK Frankenthal"]
[BlackTeam "Heilbronner SV"]
[PlyCount "100"]
[WhiteFideId "12938866"]
[BlackFideId "12927856"]
[EventCountry "GER"]
[EventRounds "7"]
[EventType "team-swiss"]
[EventDate "2017.12.26"]

1. e4 c6 2. d4 d5 3. exd5 cxd5 4. c4 Nf6 5. Nc3 Nc6 6. Nf3 Bg4 7. cxd5 Nxd5 8.
Qb3 Bxf3 9. gxf3 e6 10. Qxb7 Nxd4 11. Bb5+ Nxb5 12. Qc6+ Ke7 13. Qc5+ Ke8 14.
Qc6+ Ke7 15. Qc5+ Ke8 16. Qxb5+ Qd7 17. Nxd5 exd5 18. Qd3 Bb4+ 19. Kf1 f6 20.
Kg2 Kf7 21. Rd1 Rhd8 22. Bf4 Kg8 23. Rac1 Rac8 24. Rxc8 Qxc8 25. Qb3 Qc5 26.
Rc1 Qf8 27. Rc7 Bc5 28. Be3 Bb6 29. Bxb6 axb6 30. Qxb6 Qe8 31. h3 d4 32. Qb7
Qg6+ 33. Kh2 d3 34. Rc8 Qe8 35. Qd5+ Rxd5 36. Rxe8+ Kf7 37. Re1 Re5 38. Rb1 Re2
39. Kg2 Ke6 40. a4 Kd5 {(=)} 41. a5 Kc4 42. b4 Ra2 43. b5 Rxa5 44. b6 Ra8 45.
b7 Rb8 46. Rb6 d2 47. Rd6 Kc3 48. Rc6+ Kb2 49. Rd6 Kc2 50. Rc6+ Kb2 1/2-1/2

[Event "DVM U20 2017"]
[Site "Düsseldorf GER"]
[Date "2017.12.29"]
[Round "6"]
[White "Lahouel, Kim-Luca"]
[Black "Mäurer, Fabian"]
[Result "0-1"]
[Termination "normal"]
[Board "7.3"]
[WhiteElo "1718"]
[BlackElo "1968"]
[WhiteTeam "Heilbronner SV"]
[BlackTeam "SK Frankenthal"]
[PlyCount "60"]
[WhiteFideId "12979503"]
[BlackFideId "12965944"]
[EventCountry "GER"]
[EventRounds "7"]
[EventType "team-swiss"]
[EventDate "2017.12.26"]

1. e4 d6 2. d4 Nf6 3. Nc3 g6 4. Be3 c6 5. Bd3 Nbd7 6. Nf3 Bg7 7. h3 e5 8. dxe5
dxe5 9. Qd2 O-O 10. O-O-O b5 11. g4 Qa5 12. Kb1 b4 13. Ne2 Nc5 14. Bxc5 Qxc5
15. Nc1 a5 16. Qe2 a4 17. Bc4 Nd7 18. Nd2 Nb6 19. Rhg1 Rb8 20. Rg2 Qd4 21. Qd3
Nxc4 22. Qxc4 Qxc4 23. Nxc4 Be6 24. Ne3 Rfd8 25. Rgg1 Bf8 26. Nd3 f6 27. h4 b3
28. c4 bxa2+ 29. Kxa2 Rd4 30. f3 Rb3 0-1

[Event "DVM U20 2017"]
[Site "Düsseldorf GER"]
[Date "2017.12.29"]
[Round "6"]
[White "Stein, Daniel"]
[Black "Bühler, Severin"]
[Result "1-0"]
[Termination "normal"]
[Board "7.4"]
[WhiteElo "1960"]
[BlackElo "1846"]
[WhiteTeam "SK Frankenthal"]
[BlackTeam "Heilbronner SV"]
[PlyCount "69"]
[WhiteFideId "12939307"]
[BlackFideId "16203178"]
[EventCountry "GER"]
[EventRounds "7"]
[EventType "team-swiss"]
[EventDate "2017.12.26"]

1. d4 Nf6 2. g3 g6 3. Bg2 Bg7 4. Nf3 O-O 5. O-O d6 6. c4 Nbd7 7. Nc3 e5 8. e4
exd4 9. Nxd4 Re8 10. b3 Nc5 11. f3 c6 12. Bb2 Ne6 13. Nce2 Qb6 14. Kh1 Nxd4 15.
Bxd4 c5 16. Bc3 Be6 17. Qd2 Qc6 18. a4 Rad8 19. Nf4 Nd7 20. Bh3 Bxh3 21. Nxh3
Ne5 22. Rad1 Qd7 23. Nf4 Bh6 24. Qb2 Qc6 25. Nd5 Nd7 26. Bf6 Rc8 27. Ne7+ Rxe7
28. Bxe7 Bf8 29. Rxd6 Qc7 30. Bxf8 Nxf8 31. Rfd1 Ne6 32. Rd7 Qb8 33. Qf6 Rf8
34. R1d6 Nd4 35. Rd8 1-0

[Event "DVM U20 2017"]
[Site "Düsseldorf GER"]
[Date "2017.12.29"]
[Round "6"]
[White "Ignatov, Dmitriy"]
[Black "Syrov, Katharina"]
[Result "1-0"]
[Termination "normal"]
[Board "7.5"]
[WhiteElo "1759"]
[BlackElo "1228"]
[WhiteTeam "Heilbronner SV"]
[BlackTeam "SK Frankenthal"]
[PlyCount "75"]
[WhiteFideId "12927872"]
[BlackFideId "16255941"]
[EventCountry "GER"]
[EventRounds "7"]
[EventType "team-swiss"]
[EventDate "2017.12.26"]

1. e4 e5 2. f4 exf4 3. Nf3 Nc6 4. Bc4 Nf6 5. Nc3 d6 6. d4 Nxe4 7. Bxf7+ Kxf7 8.
Nxe4 Be7 9. Bxf4 Re8 10. O-O Kg8 11. c3 d5 12. Ng3 Bg4 13. Qc2 Rf8 14. Ne5 Nxe5
15. Bxe5 Qd7 16. Rae1 c5 17. Qd2 Qc6 18. Bxg7 Rfe8 19. Be5 Qg6 20. Kh1 Bg5 21.
Bf4 Rxe1 22. Rxe1 Bxf4 23. Qxf4 Rf8 24. Qe5 Re8 25. Qxd5+ Be6 26. Qxb7 Bxa2 27.
Rxe8+ Qxe8 28. h3 Qe1+ 29. Kh2 Qf2 30. Qxa7 Bd5 31. Qb8+ Kg7 32. Qe5+ Kf8 33.
Qxd5 cxd4 34. Qf3+ Qxf3 35. gxf3 d3 36. Ne4 Ke7 37. Kg2 Ke6 38. Kf2 1-0

[Event "DVM U20 2017"]
[Site "Düsseldorf GER"]
[Date "2017.12.29"]
[Round "6"]
[White "Cygal, Marcel"]
[Black "Schäfer, Daniel"]
[Result "0-1"]
[Termination "normal"]
[Board "7.6"]
[WhiteElo "1500"]
[BlackElo "1797"]
[WhiteTeam "SK Frankenthal"]
[BlackTeam "Heilbronner SV"]
[PlyCount "70"]
[WhiteFideId "16255950"]
[BlackFideId "16235088"]
[EventCountry "GER"]
[EventRounds "7"]
[EventType "team-swiss"]
[EventDate "2017.12.26"]

1. e4 e6 2. d4 d5 3. Nc3 dxe4 4. Nxe4 Nd7 5. Nf3 Ngf6 6. Nxf6+ Nxf6 7. Bc4 c5
8. O-O cxd4 9. Nxd4 Bc5 10. Nf3 O-O 11. Be3 Bxe3 12. fxe3 Qb6 13. Qd4 Qxd4 14.
exd4 b6 15. a4 a6 16. Bd3 Bb7 17. c3 Rfd8 18. Ne5 Rac8 19. a5 b5 20. Rac1 Rc7
21. Rf4 Nd5 22. Rh4 h6 23. Be4 Ne3 24. Bxb7 Rxb7 25. Re1 Nc4 26. Nxc4 bxc4 27.
b4 cxb3 28. Rb1 Rd5 29. c4 Rxa5 30. Re4 Kf8 31. Ree1 Ra4 32. Rec1 b2 33. Rc2
Ra1 34. Rf1 Rxf1+ 35. Kxf1 b1=Q+ 0-1

[Event "DVM U20 2017"]
[Site "Düsseldorf GER"]
[Date "2017.12.29"]
[Round "6"]
[White "Siegert, Gregor"]
[Black "Linnemann, Niklas"]
[Result "0-1"]
[Termination "normal"]
[Board "8.1"]
[WhiteElo "1750"]
[BlackElo "1998"]
[WhiteTeam "Schachforum Darmstadt"]
[BlackTeam "TuS Coswig"]
[PlyCount "114"]
[WhiteFideId "1271250"]
[BlackFideId "24695645"]
[EventCountry "GER"]
[EventRounds "7"]
[EventType "team-swiss"]
[EventDate "2017.12.26"]

1. e4 c5 2. Nf3 e6 3. d4 cxd4 4. Nxd4 Nf6 5. Nc3 Bb4 6. e5 Nd5 7. Bd2 Nxc3 8.
bxc3 Be7 9. Qg4 g6 10. h4 h5 11. Qe4 Nc6 12. Nb5 Qa5 13. c4 Bb4 14. Bxb4 Qxb4+
15. c3 Qa5 16. Rh3 O-O 17. Rg3 Ne7 18. Be2 Nf5 19. Rg5 a6 20. g4 axb5 21. Rc1
d5 22. exd6 Nxd6 23. Qd3 Rd8 24. Rd1 bxc4 25. Rxa5 cxd3 26. Rxa8 dxe2 27. Rxd6
Rxd6 28. Rxc8+ Kg7 29. gxh5 gxh5 30. Rc4 b5 31. Rc5 Rd5 32. Rxd5 exd5 33. Kxe2
Kf6 34. Ke3 Ke5 35. f4+ Kf5 36. Kd4 Kxf4 37. Kxd5 f5 38. c4 bxc4 39. Kd4 Kg4
40. a4 f4 41. a5 f3 42. a6 f2 43. a7 f1=Q 44. a8=Q Qd3+ 45. Kc5 c3 46. Qg2+
Kxh4 47. Qh2+ Qh3 48. Qf4+ Qg4 49. Qf2+ Kg5 50. Qe3+ Qf4 51. Qe7+ Qf6 52. Qe3+
Kg6 53. Qe8+ Kh6 54. Qe2 Qf5+ 55. Kb6 c2 56. Qd2+ Kg6 57. Kc7 Qc5+ 0-1

[Event "DVM U20 2017"]
[Site "Düsseldorf GER"]
[Date "2017.12.29"]
[Round "6"]
[White "von Koslowski, Utz"]
[Black "Tampe, Alexander"]
[Result "1-0"]
[Termination "normal"]
[Board "8.2"]
[WhiteElo "1955"]
[BlackElo "1695"]
[WhiteTeam "TuS Coswig"]
[BlackTeam "Schachforum Darmstadt"]
[PlyCount "67"]
[WhiteFideId "12964247"]
[BlackFideId "12921572"]
[EventCountry "GER"]
[EventRounds "7"]
[EventType "team-swiss"]
[EventDate "2017.12.26"]

1. Nf3 d5 2. d4 Nf6 3. g3 Bf5 4. Bg2 e6 5. O-O Be7 6. b3 O-O 7. Bb2 c5 8. Nbd2
Nc6 9. c4 dxc4 10. Nxc4 Be4 11. dxc5 Bxc5 12. Rc1 Rc8 13. Qd2 Qe7 14. Qf4 Bd5
15. Nfe5 Bxg2 16. Kxg2 Rfd8 17. Nxc6 Rxc6 18. Ne5 Rcc8 19. Ng4 Nxg4 20. Qxg4 f6
21. Rfd1 Bb6 22. Rxc8 Rxc8 23. Ba3 Qe8 24. Rd6 Rc6 25. Rd2 Qc8 26. Bb2 Qe8 27.
Bxf6 Qf7 28. Bd4 Rd6 29. Rd3 Qd7 30. Bxg7 Rxd3 31. Bf6+ Kf8 32. exd3 Qf7 33.
Qf4 Bc7 34. Qb4+ 1-0

[Event "DVM U20 2017"]
[Site "Düsseldorf GER"]
[Date "2017.12.29"]
[Round "6"]
[White "Tampe, Friederike"]
[Black "Kunath, Tim"]
[Result "1/2-1/2"]
[Termination "normal"]
[Board "8.3"]
[WhiteElo "1461"]
[BlackElo "2006"]
[WhiteTeam "Schachforum Darmstadt"]
[BlackTeam "TuS Coswig"]
[PlyCount "98"]
[WhiteFideId "12973939"]
[BlackFideId "12985074"]
[EventCountry "GER"]
[EventRounds "7"]
[EventType "team-swiss"]
[EventDate "2017.12.26"]

1. e4 c5 2. Nc3 a6 3. g3 b5 4. Bg2 Bb7 5. d3 e6 6. f4 Be7 7. Nf3 d6 8. O-O Nf6
9. Be3 Nc6 10. Qd2 Ng4 11. Bf2 Nxf2 12. Qxf2 b4 13. Ne2 Qc7 14. e5 O-O 15. exd6
Bxd6 16. c3 Rad8 17. Rfd1 Be7 18. d4 cxd4 19. cxd4 Qb6 20. Rd2 Bf6 21. Rad1 Ne7
22. b3 Nd5 23. Rc1 Rc8 24. Rxc8 Rxc8 25. Ne5 Qc7 26. Nc4 h6 27. Rc2 Qb8 28. Qf3
a5 29. Qd3 Ba6 30. Kh1 Qa7 31. Qd2 a4 32. Bxd5 exd5 33. Ne3 Rxc2 34. Nxc2 Bxe2
35. Qxe2 Bxd4 36. Nxd4 Qxd4 37. Qe8+ Kh7 38. Qxf7 Qa1+ 39. Kg2 Qxa2+ 40. Kh3
Qxb3 41. Qf5+ Kg8 42. Qc8+ Kf7 43. Qd7+ Kf8 44. Qd8+ Kf7 45. Qd7+ Kf6 46. Qd6+
Kf5 47. Qe5+ Kg6 48. Qe6+ Kh7 49. Qf5+ Kg8 {(=)} 1/2-1/2

[Event "DVM U20 2017"]
[Site "Düsseldorf GER"]
[Date "2017.12.29"]
[Round "6"]
[White "Kieslich, Aaron"]
[Black "Münk, Johannes"]
[Result "1-0"]
[Termination "normal"]
[Board "8.4"]
[WhiteElo "2048"]
[BlackElo "1540"]
[WhiteTeam "TuS Coswig"]
[BlackTeam "Schachforum Darmstadt"]
[PlyCount "67"]
[WhiteFideId "1270391"]
[BlackFideId "16241983"]
[EventCountry "GER"]
[EventRounds "7"]
[EventType "team-swiss"]
[EventDate "2017.12.26"]

1. d4 {[%emt 0:00:00]} Nf6 2. c4 e6 3. Nc3 d5 4. cxd5 exd5 5. Bg5 Be7 6. e3 c6
7. Qc2 Nbd7 8. Bd3 O-O 9. Nge2 h6 10. Bh4 c5 11. dxc5 Nxc5 12. O-O Nxd3 13.
Qxd3 Be6 14. Rfd1 Qa5 15. Nd4 Bg4 16. Rd2 Rfd8 17. h3 Bh5 18. Nf5 Qc5 19. Nxe7+
Qxe7 20. Qd4 g5 21. Bg3 a6 22. Be5 Ne4 23. Rc2 Nxc3 24. Rxc3 Rd7 25. Rac1 f5
26. Rc7 Bf7 27. Rxd7 Qxd7 28. Rc7 Qe6 29. Rxb7 Qc8 30. Bh8 Qf8 31. Qf6 Rc8 32.
Rd7 Rc1+ 33. Kh2 Rc8 34. b4 1-0

[Event "DVM U20 2017"]
[Site "Düsseldorf GER"]
[Date "2017.12.29"]
[Round "6"]
[White "Röth, Alexander"]
[Black "Lehne, Arwin Hugo"]
[Result "1/2-1/2"]
[Termination "normal"]
[Board "8.5"]
[WhiteElo "1361"]
[BlackElo "1507"]
[WhiteTeam "Schachforum Darmstadt"]
[BlackTeam "TuS Coswig"]
[PlyCount "71"]
[WhiteFideId "16255976"]
[BlackFideId "12985090"]
[EventCountry "GER"]
[EventRounds "7"]
[EventType "team-swiss"]
[EventDate "2017.12.26"]

1. d4 d5 2. Bf4 Nf6 3. e3 Bf5 4. c3 e6 5. Nd2 c5 6. Ngf3 Nc6 7. Be2 Be7 8. Ne5
O-O 9. g4 Bg6 10. h4 h6 11. Nxg6 fxg6 12. Qc2 Kf7 13. O-O-O c4 14. g5 hxg5 15.
hxg5 Nd7 16. Bg4 Bxg5 17. Bxg5 Qxg5 18. Rdg1 Qf6 19. e4 Nb6 20. Rh3 Ke7 21.
exd5 Nxd5 22. Rf3 Qg5 23. Qe4 Nd8 24. Rxf8 Kxf8 25. Rg3 Qe7 26. Nxc4 Nf6 27.
Qxg6 Nf7 28. Rf3 Nxg4 29. Qxg4 Kg8 30. Re3 Re8 31. f4 Nh6 32. Qg5 Nf5 {(=)} 33.
Qxe7 Rxe7 34. Re5 Kf8 35. Ne3 Nxe3 36. Rxe3 1/2-1/2